Guild Wars General Knowledge - Statistics

General Stats
  • This quiz has been taken 82 times
  • The average score is 9 of 16
Answer Stats
Hint Answer % Correct
Current God of Death Grenth
90%
Spearmarshal, later Goddess of Truth Kormir
90%
Aggressive cat-like species Charr
79%
Final boss of the Nightfall Campaign Abaddon
73%
Final boss of the Factions Campaign Shiro Tagachi
71%
Occupants of the Jade Sea Luxons
63%
Former God of Death encountered in the Underworld Dhuum
56%
The Unseen Ones, revered as gods by the White Mantle Mursaat
56%
Final boss of the Eye of the North expansion The Great Destroyer
56%
Final boss of the Prophecies Campaign Undead Lich
54%
Occupants of the Echovald Forest Kurzicks
52%
First human kingdom established in Tyria Orr
50%
Demonic servants in the Realm of Torment Margonites
38%
Ruler of the Domain of Anguish Mallyx the Unyielding
33%
Emperor of Cantha Kisu
23%
Described as a "large, loud, bellowing, and dumb imaginary creature" Bookah
21%
No matching quizzes found
Score Distribution
Percent of People with Each Score
Percentile by Number Answered
Your Score History
You have not taken this quiz